Pedro Abelardo : (Record no. 54000)

MARC details
000 -LEADER
campo de control de longitud fija 01165nam a22002895i 4500
001 - NÚMERO DE CONTROL
campo de control 54000
003 - IDENTIFICADOR DE NÚMERO DE CONTROL
campo de control ES-MaACL
005 - FECHA Y HORA DE LA ÚLTIMA TRANSACCIÓN
campo de control 20250714063108.0
007 - CAMPO FIJO DE DESCRIPCIÓN FÍSICA--INFORMACIÓN GENERAL
campo de control de longitud fija t|
008 - DATOS DE LONGITUD FIJA--INFORMACIÓN GENERAL
campo de control de longitud fija 960709s1884 sp ||||1| spa d
040 ## - FUENTE DE CATALOGACIÓN
Centro catalogador/agencia de origen CAM
Lengua de catalogación spa
Centro/agencia transcriptor CAM
080 ## - NÚMERO DE LA CLASIFICACIÓN DECIMAL UNIVERSAL
Número de la Clasificación Decimal Universal 821.134.2-14"18"
100 1# - ENTRADA PRINCIPAL--NOMBRE DE PERSONA
Nombre de persona Ferrari, Emilio,
Fechas asociadas al nombre 1853-1907
Término indicativo de función/relación Autor
9 (RLIN) 50308
245 10 - MENCIÓN DEL TÍTULO
Título Pedro Abelardo :
Resto del título poema /
Mención de responsabilidad, etc. Emilio Ferrari.
260 ## - PUBLICACIÓN, DISTRIBUCIÓN, ETC.
Lugar de publicación, distribución, etc. Madrid :
Nombre del editor, distribuidor, etc. Librería Gutenberg :
-- Librería de Fernando Fe,
Fecha de publicación, distribución, etc. 1884
Fabricante (Imp. de E. Rubiños)
300 ## - DESCRIPCIÓN FÍSICA
Extensión 77 páginas ;
Dimensiones 18 cm.
530 ## - NOTA DISPONIBLE DE FORMULARIO FÍSICO ADICIONAL
Nota de formato físico adicional disponible Disponible en formato digital
655 #7 - TERMINO DE INDIZACIÓN--GENERO/FORMA
Fuente del término tgfbne
9 (RLIN) 176539
Datos o término principal de género/forma Poesías
852 ## - LOCALIZACIÓN
Ubicación ES-MaACL
Ubicación en estantería Depósito 2
Donativo/Legado Donativo Roda
Número de control de estantería L-4898(5-2)
852 ## - LOCALIZACIÓN
Ubicación ES-MaACL
Ubicación en estantería Depósito folletos
Donativo/Legado Legado M. de Lafuente
Número de control de estantería Fol-Laf-535
852 ## - LOCALIZACIÓN
Ubicación ES-MaACL
Ubicación en estantería Depósito folletos
Número de control de estantería T-403-F-10
856 ## - LOCALIZACIÓN Y ACCESO ELECTRÓNICOS
Identificador Uniforme de Recursos <a href="https://bdh-rd.bne.es/viewer.vm?id=0000140893&page=1">https://bdh-rd.bne.es/viewer.vm?id=0000140893&page=1</a>
Texto de enlace Versión en línea
Nota pública (Biblioteca Digital Hispánica)
856 ## - LOCALIZACIÓN Y ACCESO ELECTRÓNICOS
Identificador Uniforme de Recursos <a href="https://bibliotecadigital.jcyl.es/es/consulta/registro.do?id=19247">https://bibliotecadigital.jcyl.es/es/consulta/registro.do?id=19247</a>
Texto de enlace Versión en línea
Nota pública (Biblioteca Digital de Castilla y León (BDCYL))
942 ## - ELEMENTOS DE ENTRADA SECUNDARIOS (KOHA)
Fuente del sistema de clasificación o colocación Clasificación decimal universal
Tipo de ítem Koha Folleto
Suprimir en OPAC No
Holdings
Estatus retirado Estado de pérdida Fuente del sistema de clasificación o colocación Estado de daño No para préstamo Colección Biblioteca de origen Biblioteca actual Ubicación en estantería Fecha de adquisición Total de préstamos Signatura topográfica completa Código de barras Visto por última vez Tipo de ítem Koha Fuente de adquisición
    Clasificación decimal universal     Colección de folletos Biblioteca del Ateneo de Madrid Biblioteca del Ateneo de Madrid Depósito folletos 09/07/2005   T-403-F-10 1202284 23/02/2023 Folleto  
    Clasificación decimal universal     Libros del s. XIX Biblioteca del Ateneo de Madrid Biblioteca del Ateneo de Madrid Depósito 2 17/01/2008   L-4898(5-2) 1056753 23/02/2023 Libro impreso antiguo Donación
    Clasificación decimal universal     Colección de folletos Biblioteca del Ateneo de Madrid Biblioteca del Ateneo de Madrid Depósito folletos 17/01/2008   Fol-Laf-535 1056754 23/02/2023 Folleto Legado